000 00494nmm a2200169Ia 4500
008 251105s9999||||xx |||||||||||||||||und||
020 _a9788416647552
041 _aspa
100 _aCerezo Galán, Pedro
245 0 _aEl Quijote y la aventura de la libertad
264 _a[Madrid, España] :
_bBiblioteca Nueva,
_c2016
300 _a528 páginas
490 _aPensar en español
650 _aSpanish literature
856 _uhttps://public.digitaliapublishing.com/a/47840
942 _cCF
999 _c77941
_d77941